000 00779nam a2200253Ia 4500
003 OSt
005 20221006161012.0
006 a|||||r|||| 00| 0
007 ta
008 221006b |||||||| |||| 00| 0 eng d
020 _a9786133447769
024 _a47,083
037 _cTextual
040 _aEASL
_cEASL
_beng
041 _2eng
_aeng
082 _aV4951,4N46, P0
100 _aSURHONE Lambert M. & others Ed.
245 0 _aWorkers Party of South korea
_b Communist party of South Korea, new people's party (Korea), peoples's party of Korea
260 _aMauritius
_bBetascript Publishing
_c2010
300 _a61p.
_ccm.
490 _v KEL
942 _hV4951,4N46, P0
_cTEXL
_2CC
999 _c1115172
_d1115172